[Event "Winnipeg TNT January op"]
[Site "Winnipeg CAN"]
[Date "2011.01.18"]
[Round "3"]
[White "Wolchock, Theo"]
[Black "Evans, Brian"]
[Result "1-0"]
[WhiteElo "1562"]
[BlackElo "1577"]
[PlyCount "143"]
[GameId "2160767909829749"]
[EventDate "2011.01.04"]
[EventType "swiss"]
[EventRounds "4"]
[EventCountry "CAN"]
[SourceTitle "EXT 2022"]
[Source "ChessBase"]
[SourceDate "2021.10.06"]
[SourceVersion "1"]
[SourceVersionDate "2021.10.06"]
[SourceQuality "1"]

1. c4 e5 2. g3 Nf6 3. Bg2 d5 4. cxd5 Nxd5 5. Nc3 Nxc3 6. bxc3 Bc5 7. Qc2 Qf6 8. Nf3 Nc6 9. O-O O-O 10. Bb2 Bf5 11. d3 h6 12. Qd2 Rad8 13. Qc1 Qe6 14. Rd1 Rd6 15. Nd2 Qf6 16. Rf1 Qg5 17. Qe1 Re6 18. Nf3 Qh5 19. Bc1 Bh3 20. Rb1 b6 21. Be3 Bxe3 22. fxe3 Bxg2 23. Kxg2 e4 24. dxe4 Rxe4 25. Qf2 Qc5 26. Nd2 Rxe3 27. Rfd1 Qe7 28. Re1 Re8 29. Qf4 Rxc3 30. e4 Rc2 31. Kh1 Qd6 32. Qxd6 cxd6 33. Nf3 Rxa2 34. Rbc1 Ne5 35. Nd4 Nd3 36. Nf5 Nxc1 37. Rxc1 Rxe4 38. Nxd6 f6 39. Nxe4 a5 40. Nc3 Rb2 41. Ra1 b5 42. Rxa5 b4 43. Nd5 b3 44. Ra1 Ra2 45. Rb1 b2 46. Kg2 Ra5 47. Ne3 Rb5 48. Nc4 Kf7 49. Rxb2 Rxb2+ 50. Nxb2 Ke6 51. Nd3 f5 52. Kf3 g5 53. h4 gxh4 54. gxh4 h5 55. Nf4+ Kf6 56. Nxh5+ Kg6 57. Ng3 Kh6 58. Kf4 Kg6 59. Nxf5 Kh5 60. Kg3 Kg6 61. Kg4 Kf6 62. h5 Kf7 63. Kg5 Kg8 64. h6 Kh7 65. Ne7 Kh8 66. Ng6+ Kh7 67. Kh5 Kg8 68. Ne5 Kh7 69. Kg5 Kh8 70. Kg6 Kg8 71. h7+ Kh8 72. Nf7# 1-0

[Event "Winnipeg TNT January op"]
[Site "Winnipeg CAN"]
[Date "2011.01.25"]
[Round "4"]
[White "Czarny, Keith"]
[Black "Pottinger, Carl"]
[Result "0-1"]
[WhiteElo "1857"]
[BlackElo "1650"]
[PlyCount "50"]
[GameId "2160767909829750"]
[EventDate "2011.01.04"]
[EventType "swiss"]
[EventRounds "4"]
[EventCountry "CAN"]
[SourceTitle "EXT 2022"]
[Source "ChessBase"]
[SourceDate "2021.10.06"]
[SourceVersion "1"]
[SourceVersionDate "2021.10.06"]
[SourceQuality "1"]

1. Nf3 c5 2. c4 g6 3. Nc3 Bg7 4. g3 Nf6 5. Bg2 O-O 6. O-O Nc6 7. d3 d6 8. Bd2 a6 9. a3 Rb8 10. Rb1 b5 11. Ng5 Bd7 12. Nge4 Nxe4 13. Bxe4 bxc4 14. dxc4 Ne5 15. b3 Bh3 16. Bg2 Bxg2 17. Kxg2 Qd7 18. f4 Ng4 19. Qc2 Qc6+ 20. Kg1 Bd4+ 21. e3 Bxe3+ 22. Bxe3 Nxe3 23. Nd5 Qxd5 24. Qxg6+ hxg6 25. cxd5 Nxf1 0-1

[Event "Winnipeg TNT January op"]
[Site "Winnipeg CAN"]
[Date "2011.01.25"]
[Round "4"]
[White "Iomdina, Alexander"]
[Black "Wasserman, Leor"]
[Result "0-1"]
[WhiteElo "1422"]
[BlackElo "1846"]
[PlyCount "94"]
[GameId "2160767909829751"]
[EventDate "2011.01.04"]
[EventType "swiss"]
[EventRounds "4"]
[EventCountry "CAN"]
[SourceTitle "EXT 2022"]
[Source "ChessBase"]
[SourceDate "2021.10.06"]
[SourceVersion "1"]
[SourceVersionDate "2021.10.06"]
[SourceQuality "1"]

1. d4 d5 2. c4 e6 3. Nc3 Nf6 4. Bg5 c6 5. cxd5 exd5 6. e3 Bb4 7. Bd3 Be6 8. Nge2 Nbd7 9. Qc2 c5 10. dxc5 Nxc5 11. Bxf6 Qxf6 12. O-O O-O 13. a3 Nxd3 14. Qxd3 Bxc3 15. Nxc3 Rfd8 16. Rad1 Rac8 17. Rd2 d4 18. Rfd1 Bc4 19. Ne4 Qc6 20. Qc2 d3 21. b3 Qxe4 22. bxc4 Rxc4 23. Qb3 Rc5 24. Rc2 Rxc2 25. Qxc2 Qd5 26. Qc3 Qd7 27. Qa5 b6 28. Qb4 h6 29. h3 d2 30. Kf1 Qd3+ 31. Kg1 Qe2 32. Qb3 Rc8 33. Qb1 Rc3 34. a4 Rc5 35. Kh2 Qxf2 36. Qd3 Rg5 37. Qe4 Qe2 38. h4 Rg4 39. Qe8+ Kh7 40. Qc6 Rxh4+ 41. Kg3 Rg4+ 42. Kh2 Qxd1 43. a5 bxa5 44. e4 Qe2 45. e5 Qxe5+ 46. Kg1 d1=Q+ 47. Kf2 Qee2# 0-1

[Event "Winnipeg TNT January op"]
[Site "Winnipeg CAN"]
[Date "2011.01.25"]
[Round "4"]
[White "Milord, Frank"]
[Black "Mundwiler, Les"]
[Result "0-1"]
[WhiteElo "1661"]
[BlackElo "2029"]
[PlyCount "56"]
[GameId "2160767909829752"]
[EventDate "2011.01.04"]
[EventType "swiss"]
[EventRounds "4"]
[EventCountry "CAN"]
[SourceTitle "EXT 2022"]
[Source "ChessBase"]
[SourceDate "2021.10.06"]
[SourceVersion "1"]
[SourceVersionDate "2021.10.06"]
[SourceQuality "1"]

1. d4 d5 2. c4 e6 3. Nf3 c5 4. cxd5 exd5 5. a3 Nc6 6. e3 a6 7. Be2 Nf6 8. Nc3 Bd6 9. O-O O-O 10. dxc5 Bxc5 11. b4 Ba7 12. Qc2 Qe7 13. h3 Ne5 14. Nd4 Be6 15. Nxe6 fxe6 16. Bb2 Rac8 17. Qb3 Nc4 18. Rad1 Nxb2 19. Qxb2 Bb8 20. g3 Be5 21. Rd3 Ne4 22. Nxd5 exd5 23. Qb3 Qf7 24. Qxd5 Qxd5 25. Rxd5 Bb2 26. Rd3 b5 27. Kg2 Rc2 28. Bf3 Rxf3 0-1

[Event "Winnipeg TNT January op"]
[Site "Winnipeg CAN"]
[Date "2011.01.25"]
[Round "4"]
[White "Mousseau, Charles"]
[Black "Repa, Jason"]
[Result "0-1"]
[WhiteElo "1742"]
[BlackElo "2008"]
[PlyCount "74"]
[GameId "2160767909829753"]
[EventDate "2011.01.04"]
[EventType "swiss"]
[EventRounds "4"]
[EventCountry "CAN"]
[SourceTitle "EXT 2022"]
[Source "ChessBase"]
[SourceDate "2021.10.06"]
[SourceVersion "1"]
[SourceVersionDate "2021.10.06"]
[SourceQuality "1"]

1. e4 e6 2. d4 d5 3. Nc3 Nf6 4. Bg5 Bb4 5. e5 h6 6. exf6 hxg5 7. fxg7 Rg8 8. Qd3 Qf6 9. O-O-O a6 10. a3 Bd6 11. Re1 c6 12. Nf3 Nd7 13. g3 g4 14. Nh4 Be7 15. f4 gxf3 16. Nxf3 Qxg7 17. Bg2 Nb6 18. Nd2 Bd7 19. Ne2 Bd6 20. Qb3 Bc7 21. Kb1 O-O-O 22. c4 dxc4 23. Nxc4 Nd5 24. Bxd5 exd5 25. Nb6+ Kb8 26. Na4 Ka7 27. Nc5 Bb6 28. Rc1 Bg4 29. Nc3 Qxd4 30. N3a4 Bxc5 31. Rxc5 Qe4+ 32. Ka2 Qxh1 33. Rxc6 d4 34. Rxa6+ bxa6 35. Qb6+ Ka8 36. Qxa6+ Kb8 37. Nc5 Qd5+ 0-1

[Event "Winnipeg TNT January op"]
[Site "Winnipeg CAN"]
[Date "2011.01.25"]
[Round "4"]
[White "Rutter, Blair"]
[Black "Wasserman, Arie"]
[Result "1-0"]
[WhiteElo "1907"]
[BlackElo "1735"]
[PlyCount "57"]
[GameId "2160767909829754"]
[EventDate "2011.01.04"]
[EventType "swiss"]
[EventRounds "4"]
[EventCountry "CAN"]
[SourceTitle "EXT 2022"]
[Source "ChessBase"]
[SourceDate "2021.10.06"]
[SourceVersion "1"]
[SourceVersionDate "2021.10.06"]
[SourceQuality "1"]

1. c4 e5 2. Nc3 Nf6 3. g3 Nc6 4. Bg2 Bc5 5. e3 d6 6. Nge2 Be6 7. d4 Bb4 8. d5 Bf5 9. dxc6 b6 10. O-O Bxc3 11. Nxc3 O-O 12. e4 Bg6 13. h3 Qe8 14. Qa4 a6 15. Bg5 Qe6 16. Bxf6 Qxf6 17. Nd5 Qd8 18. Kh2 f5 19. Qc2 f4 20. Qe2 Rf7 21. Qg4 Qf8 22. gxf4 exf4 23. Bf3 Qe8 24. Rae1 Qxc6 25. b3 Re8 26. e5 Qc5 27. e6 Rf5 28. e7 Rf7 29. Qd7 1-0

[Event "Winnipeg TNT January op"]
[Site "Winnipeg CAN"]
[Date "2011.01.25"]
[Round "4"]
[White "Wolchock, Theo"]
[Black "Reimer, Bruce"]
[Result "0-1"]
[WhiteElo "1562"]
[BlackElo "1640"]
[PlyCount "106"]
[GameId "2160767909829755"]
[EventDate "2011.01.04"]
[EventType "swiss"]
[EventRounds "4"]
[EventCountry "CAN"]
[SourceTitle "EXT 2022"]
[Source "ChessBase"]
[SourceDate "2021.10.06"]
[SourceVersion "1"]
[SourceVersionDate "2021.10.06"]
[SourceQuality "1"]

1. e4 Nf6 2. d3 d6 3. Nc3 g6 4. Nf3 Bg7 5. Be2 O-O 6. O-O e5 7. Bg5 c6 8. h3 Be6 9. Qd2 Qd7 10. Kh2 Ne8 11. Bh6 Na6 12. a3 f5 13. d4 f4 14. Bxg7 Qxg7 15. d5 cxd5 16. Nxd5 Nc5 17. Ng5 Nc7 18. Nxc7 Qxc7 19. b4 h6 20. bxc5 hxg5 21. Qxd6 Qxd6 22. cxd6 Rac8 23. Rac1 Rfd8 24. Rfd1 Rc6 25. c4 Rcxd6 26. Rxd6 Rxd6 27. c5 Rd2 28. c6 bxc6 29. Rxc6 Kf7 30. Bf3 Rxf2 31. Rc7+ Kf6 32. Rxa7 Ra2 33. a4 Bc4 34. a5 Bf1 35. Kg1 Ra1 36. Kf2 Bd3 37. Bg4 Ra2+ 38. Ke1 Rxg2 39. Rd7 Bxe4 40. Rd6+ Kg7 41. a6 f3 42. Rd2 Rg1+ 43. Kf2 Rg2+ 44. Ke3 Ba8 45. Rxg2 fxg2 46. Kf2 e4 47. Be2 e3+ 48. Kg1 Kf6 49. a7 Kf5 50. Kh2 Ke5 51. Kg1 Kd4 52. h4 gxh4 53. Kh2 Kc3 0-1

[Event "Winnipeg TNT July op"]
[Site "Winnipeg CAN"]
[Date "2011.07.05"]
[Round "1"]
[White "Babb, Jeff"]
[Black "Rutter, Blair"]
[Result "1-0"]
[WhiteElo "2146"]
[BlackElo "1876"]
[PlyCount "109"]
[GameId "2160767909704100"]
[EventDate "2011.07.05"]
[EventType "swiss"]
[EventRounds "4"]
[EventCountry "CAN"]
[SourceTitle "EXT 2022"]
[Source "ChessBase"]
[SourceDate "2021.10.06"]
[SourceVersion "1"]
[SourceVersionDate "2021.10.06"]
[SourceQuality "1"]

1. f4 c5 2. Nf3 d5 3. e3 Nc6 4. b3 Nf6 5. Bb2 Bg4 6. Bb5 Qb6 7. Bxc6+ Qxc6 8. h3 Bxf3 9. Qxf3 g6 10. c4 Rd8 11. Nc3 d4 12. Qxc6+ bxc6 13. Ne2 d3 14. Bxf6 exf6 15. Nc3 Be7 16. f5 Kd7 17. O-O Rhe8 18. Ne4 g5 19. Rac1 Kc7 20. Rc3 Kb6 21. Nf2 Bd6 22. Rxd3 h5 23. Rc3 Be5 24. Rc2 Rd7 25. Rd1 Bg3 26. Rf1 a5 27. Nh1 Be5 28. g4 Rh8 29. Rf3 hxg4 30. hxg4 Rdd8 31. Nf2 Rh4 32. Rh3 Rdh8 33. Kg2 Rxh3 34. Nxh3 Rh4 35. Nf2 Rh8 36. Kf3 Rh2 37. Rc1 Rh8 38. Rh1 Rd8 39. Ke2 a4 40. Nd3 axb3 41. Rb1 Bd6 42. Rxb3+ Ka6 43. Nf2 Rh8 44. Ne4 Be7 45. Rd3 Kb6 46. Rd7 Re8 47. Nd6 Bxd6 48. Rxd6 Re4 49. d3 Rxg4 50. Rxf6 Rg2+ 51. Kf3 Rxa2 52. Rxf7 Ra3 53. Rd7 Ra1 54. Ke4 Rf1 55. Rg7 1-0

[Event "Winnipeg TNT July op"]
[Site "Winnipeg CAN"]
[Date "2011.07.05"]
[Round "1"]
[White "Baron, Cody"]
[Black "Pottinger, Carl"]
[Result "0-1"]
[WhiteElo "1302"]
[BlackElo "1892"]
[PlyCount "70"]
[GameId "2160767909704101"]
[EventDate "2011.07.05"]
[EventType "swiss"]
[EventRounds "4"]
[EventCountry "CAN"]
[SourceTitle "EXT 2022"]
[Source "ChessBase"]
[SourceDate "2021.10.06"]
[SourceVersion "1"]
[SourceVersionDate "2021.10.06"]
[SourceQuality "1"]

1. e4 c5 2. Nc3 d6 3. Bb5+ Bd7 4. Nf3 Nf6 5. d3 g6 6. Bc4 Bg7 7. Ng5 e6 8. Bf4 Qb6 9. b3 O-O 10. O-O a6 11. f3 Qc7 12. Qe1 b5 13. Bd5 exd5 14. Rd1 h6 15. Nh3 Bxh3 16. gxh3 d4 17. e5 dxe5 18. Bxe5 Qd7 19. Ne4 Nxe4 20. Qxe4 Nc6 21. Bxg7 Kxg7 22. Qg4 Qxg4+ 23. hxg4 Nb4 24. c4 bxc4 25. dxc4 Nxa2 26. Rfe1 Rfe8 27. Rxe8 Rxe8 28. Ra1 Nb4 29. Kg2 Re3 30. Ra5 d3 31. Ra1 Re2+ 32. Kg3 d2 33. Rd1 Nc2 34. Rb1 Re1 35. Rxe1 dxe1=Q+ 0-1

[Event "Winnipeg TNT July op"]
[Site "Winnipeg CAN"]
[Date "2011.07.05"]
[Round "1"]
[White "Czypinski, Jaroslaw"]
[Black "Schwartz, Leah"]
[Result "1-0"]
[WhiteElo "1941"]
[BlackElo "1319"]
[PlyCount "109"]
[GameId "2160767909704102"]
[EventDate "2011.07.05"]
[EventType "swiss"]
[EventRounds "4"]
[EventCountry "CAN"]
[SourceTitle "EXT 2022"]
[Source "ChessBase"]
[SourceDate "2021.10.06"]
[SourceVersion "1"]
[SourceVersionDate "2021.10.06"]
[SourceQuality "1"]

1. e4 c5 2. d4 cxd4 3. c3 Nf6 4. e5 Nd5 5. Qxd4 f5 6. exf6 Nxf6 7. Nf3 Nc6 8. Qh4 g6 9. Bd3 Bg7 10. Bh6 Bxh6 11. Qxh6 d6 12. Bxg6+ Kd7 13. Bf5+ Kc7 14. Qh3 Rg8 15. O-O e6 16. Bxe6 Re8 17. Bxc8 Rxc8 18. Na3 Qe7 19. Nd4 Nd5 20. Nf5 Qe6 21. Nb5+ Kd7 22. Nbxd6 Red8 23. Qxh7+ Nce7 24. Nxe7 Nf6 25. Qf5 Kxe7 26. Nxc8+ Qxc8 27. Qxc8 Rxc8 28. Rfe1+ Kf7 29. Rad1 Rc6 30. f3 Rb6 31. Rd2 a5 32. Re5 Ra6 33. Rb5 b6 34. Rd6 Ne8 35. Rdxb6 Ra7 36. Rb7+ Rxb7 37. Rxb7+ Kf8 38. Rb8 Ke7 39. Rxe8+ Kxe8 40. h4 Kf8 41. g4 Kg7 42. f4 a4 43. Kf2 a3 44. bxa3 Kf7 45. Ke3 Kg7 46. Ke4 Kf7 47. Kf5 Ke7 48. h5 Kf7 49. h6 Kg8 50. Kg6 Kh8 51. f5 Kg8 52. f6 Kh8 53. g5 Kg8 54. f7+ Kh8 55. f8=R# 1-0

[Event "Winnipeg TNT July op"]
[Site "Winnipeg CAN"]
[Date "2011.07.05"]
[Round "1"]
[White "Gregoryanz, Philipp"]
[Black "Joven, Perfecto"]
[Result "0-1"]
[WhiteElo "1459"]
[BlackElo "2010"]
[PlyCount "110"]
[GameId "2160767909704103"]
[EventDate "2011.07.05"]
[EventType "swiss"]
[EventRounds "4"]
[EventCountry "CAN"]
[SourceTitle "EXT 2022"]
[Source "ChessBase"]
[SourceDate "2021.10.06"]
[SourceVersion "1"]
[SourceVersionDate "2021.10.06"]
[SourceQuality "1"]

1. e4 Nf6 2. e5 Nd5 3. d4 d6 4. Nf3 Bg4 5. Be2 g6 6. Bd2 Bg7 7. Nc3 Nb6 8. exd6 Qxd6 9. Nb5 Qd8 10. Bf4 Na6 11. O-O c6 12. Nc3 Bxf3 13. Bxf3 Qxd4 14. Be3 Qxd1 15. Raxd1 Nc4 16. Rb1 O-O 17. Rfe1 Nxe3 18. Rxe3 e6 19. h3 Nb4 20. Be4 Bd4 21. Rf3 f5 22. Bd3 e5 23. Rg3 Kh8 24. Nd1 Bb6 25. a3 Nd5 26. c4 Nf4 27. Bf1 Rad8 28. b4 e4 29. c5 Bc7 30. Rgb3 Rd2 31. Ne3 a6 32. a4 Rfd8 33. b5 Nd3 34. Bxd3 R2xd3 35. Rb4 axb5 36. axb5 Bf4 37. bxc6 bxc6 38. Re1 Rc3 39. Rc4 Rxc4 40. Nxc4 Rd5 41. g3 Rxc5 42. gxf4 Rxc4 43. Kf1 c5 44. h4 Kg7 45. Ke2 Rd4 46. Rc1 c4 47. Rc3 Kh6 48. f3 Rd3 49. Rxc4 Rxf3 50. Rc1 Rxf4 51. Rh1 Kh5 52. Ke3 Rxh4 53. Ra1 Rh3+ 54. Ke2 f4 55. Rf1 g5 0-1

[Event "Winnipeg TNT July op"]
[Site "Winnipeg CAN"]
[Date "2011.07.05"]
[Round "1"]
[White "Kaptsan, Aron"]
[Black "Leaden, Bruce"]
[Result "1-0"]
[WhiteElo "2007"]
[BlackElo "1487"]
[PlyCount "31"]
[GameId "2160767909704104"]
[EventDate "2011.07.05"]
[EventType "swiss"]
[EventRounds "4"]
[EventCountry "CAN"]
[SourceTitle "EXT 2022"]
[Source "ChessBase"]
[SourceDate "2021.10.06"]
[SourceVersion "1"]
[SourceVersionDate "2021.10.06"]
[SourceQuality "1"]

1. d4 d5 2. c4 e6 3. Nc3 Nf6 4. Nf3 Bb4 5. a3 Bxc3+ 6. bxc3 O-O 7. Bg5 Nc6 8. e3 Re8 9. cxd5 exd5 10. Bd3 h6 11. Bh4 Ne7 12. Bxf6 gxf6 13. Nh4 Kh8 14. Qh5 Kg7 15. g4 Qd6 16. Rg1 1-0

[Event "Winnipeg TNT July op"]
[Site "Winnipeg CAN"]
[Date "2011.07.05"]
[Round "1"]
[White "Lauritson, Jim"]
[Black "De los Santos, Christopher"]
[Result "1-0"]
[WhiteElo "2023"]
[BlackElo "1600"]
[PlyCount "73"]
[GameId "2160767909704105"]
[EventDate "2011.07.05"]
[EventType "swiss"]
[EventRounds "4"]
[EventCountry "CAN"]
[SourceTitle "EXT 2022"]
[Source "ChessBase"]
[SourceDate "2021.10.06"]
[SourceVersion "1"]
[SourceVersionDate "2021.10.06"]
[SourceQuality "1"]

1. d4 d5 2. c4 e6 3. Nc3 Nf6 4. Bg5 Be7 5. cxd5 exd5 6. e3 O-O 7. Bd3 c6 8. Qc2 h6 9. Bh4 Re8 10. Nge2 a5 11. f3 Na6 12. a3 Nd7 13. Bf2 Nf8 14. O-O Bh4 15. e4 Bxf2+ 16. Rxf2 dxe4 17. fxe4 Ne6 18. Bc4 Rf8 19. Rd1 Qh4 20. d5 cxd5 21. Nxd5 Nac5 22. Ng3 b5 23. Bxb5 Ba6 24. Bxa6 Rxa6 25. b4 axb4 26. axb4 Nb7 27. Nf5 Qh5 28. Rf3 Ng5 29. Rg3 Ra2 30. Qb1 Qe2 31. Rf1 Nh3+ 32. Kh1 Nf2+ 33. Rxf2 Qxf2 34. Rxg7+ Kh8 35. Nf6 Qxf5 36. exf5 Kxg7 37. Nh5+ 1-0

[Event "Winnipeg TNT July op"]
[Site "Winnipeg CAN"]
[Date "2011.07.05"]
[Round "1"]
[White "Moncal, Nilo"]
[Black "Milward, David"]
[Result "1/2-1/2"]
[WhiteElo "2132"]
[BlackElo "1706"]
[PlyCount "81"]
[GameId "2160767909704107"]
[EventDate "2011.07.05"]
[EventType "swiss"]
[EventRounds "4"]
[EventCountry "CAN"]

1. e4 c5 2. Nf3 d6 3. d4 cxd4 4. Nxd4 Nf6 5. Nc3 g6 6. f3 Bg7 7. Be3 Nc6 8. Bc4 O-O 9. Qd2 Bd7 10. O-O-O Rb8 11. g4 b5 12. Nxc6 Bxc6 13. Bb3 b4 14. Nd5 Bxd5 15. Bxd5 Qa5 16. Kb1 Nxd5 17. Qxd5 Rb5 18. Qb3 Rc8 19. Rd5 Rxd5 20. exd5 Qc7 21. Rd1 a5 22. Bd4 Qc4 23. Bxg7 Kxg7 24. h4 Rc5 25. Qd3 Qxd3 26. Rxd3 f5 27. b3 Rc3 28. Rxc3 bxc3 29. g5 Kf7 30. a3 e6 31. dxe6+ Kxe6 32. Kc1 Ke5 33. Kd1 Kd4 34. Ke2 f4 35. Kf2 Kd5 36. Kg2 Kd4 37. Kf2 Kd5 38. Ke2 Kd4 39. Kf2 Kd5 40. Ke1 Kc5 41. Kd1 1/2-1/2

[Event "Winnipeg TNT July op"]
[Site "Winnipeg CAN"]
[Date "2011.07.05"]
[Round "1"]
[White "Mundwiler, Les"]
[Black "Reimer, Bruce"]
[Result "1-0"]
[WhiteElo "2052"]
[BlackElo "1641"]
[PlyCount "61"]
[GameId "2160767909704108"]
[EventDate "2011.07.05"]
[EventType "swiss"]
[EventRounds "4"]
[EventCountry "CAN"]
[SourceTitle "EXT 2022"]
[Source "ChessBase"]
[SourceDate "2021.10.06"]
[SourceVersion "1"]
[SourceVersionDate "2021.10.06"]
[SourceQuality "1"]

1. Nf3 Nf6 2. d3 Nc6 3. Nbd2 e5 4. e4 d5 5. c3 Bc5 6. h3 O-O 7. Qc2 dxe4 8. dxe4 Be6 9. Nc4 Bxc4 10. Bxc4 h6 11. g4 Nh7 12. h4 Qf6 13. Qe2 g5 14. hxg5 Nxg5 15. Bxg5 hxg5 16. Rh5 Ne7 17. O-O-O Ng6 18. Rxg5 Qf4+ 19. Kb1 Kg7 20. Rf5 Qh6 21. Nxe5 Nxe5 22. Rxe5 Bd6 23. Rf5 Rae8 24. Qf3 Qg6 25. Rh1 Re5 26. Rhh5 Rxf5 27. exf5 Qf6 28. Qe4 Rh8 29. g5 Qe5 30. f6+ Kg8 31. Qg6+ 1-0

[Event "Winnipeg TNT July op"]
[Site "Winnipeg CAN"]
[Date "2011.07.05"]
[Round "1"]
[White "Wasserman, Leor"]
[Black "Li, Kevin"]
[Result "0-1"]
[WhiteElo "1829"]
[BlackElo "2210"]
[PlyCount "66"]
[GameId "2160767909704109"]
[EventDate "2011.07.05"]
[EventType "swiss"]
[EventRounds "4"]
[EventCountry "CAN"]
[SourceTitle "EXT 2022"]
[Source "ChessBase"]
[SourceDate "2021.10.06"]
[SourceVersion "1"]
[SourceVersionDate "2021.10.06"]
[SourceQuality "1"]

1. e4 c5 2. Nf3 Nc6 3. d4 cxd4 4. Nxd4 Nf6 5. Nc3 e5 6. Nxc6 bxc6 7. Bc4 Bb7 8. Bg5 h6 9. Bh4 Be7 10. O-O O-O 11. Qf3 Qc7 12. Rfd1 d6 13. Qg3 Nh5 14. Qg4 Bxh4 15. Qxh5 Bf6 16. Rd3 Kh7 17. Rh3 Bc8 18. Rd3 Rb8 19. Bb3 g6 20. Qf3 Kg7 21. Rad1 Be7 22. Qg3 Ba6 23. R3d2 Rbd8 24. h4 Bf6 25. f4 Qe7 26. fxe5 Bxe5 27. Qh3 Bc8 28. Qh1 Bg4 29. Rf1 f5 30. Rd3 fxe4 31. Rxf8 Rxf8 32. Rd1 Bxd1 33. Nxd1 Bd4+ 0-1

[Event "Winnipeg TNT July op"]
[Site "Winnipeg CAN"]
[Date "2011.07.05"]
[Round "1"]
[White "Wolchock, Theo"]
[Black "Melamedoff, Gustavo"]
[Result "0-1"]
[WhiteElo "1676"]
[BlackElo "2138"]
[PlyCount "114"]
[GameId "2160767909704110"]
[EventDate "2011.07.05"]
[EventType "swiss"]
[EventRounds "4"]
[EventCountry "CAN"]
[SourceTitle "EXT 2022"]
[Source "ChessBase"]
[SourceDate "2021.10.06"]
[SourceVersion "1"]
[SourceVersionDate "2021.10.06"]
[SourceQuality "1"]

1. c4 f5 2. g3 e6 3. Bg2 Nf6 4. Nf3 d5 5. cxd5 exd5 6. O-O Bd6 7. Nc3 c6 8. d4 O-O 9. Bg5 h6 10. Bxf6 Qxf6 11. Rc1 f4 12. Qd3 Bf5 13. Qd2 g5 14. Rce1 Nd7 15. e4 fxe3 16. fxe3 Qg6 17. Rf2 Rae8 18. Ref1 Bd3 19. Re1 Ba6 20. Bh3 Rxf3 21. Rxf3 g4 22. Bxg4 Qxg4 23. Qf2 Rf8 24. Rxf8+ Bxf8 25. Rc1 Bd3 26. Qd2 Bg6 27. Rf1 Bg7 28. Rf4 Qe6 29. Rf1 Nf6 30. Qf2 Ng4 31. Qf4 Qxe3+ 32. Qxe3 Nxe3 33. Rf4 Nc2 34. Kg2 Nxd4 35. Kf2 Ne6 36. Rf3 Ng5 37. Rf4 Nh3+ 38. Kf3 Nxf4 39. gxf4 Bxc3 40. bxc3 Kg7 41. h4 Kf6 42. Kg4 h5+ 43. Kf3 c5 44. Kg3 b5 45. a3 a5 46. Kf3 Be4+ 47. Ke3 Kf5 48. c4 dxc4 49. a4 bxa4 50. Kd2 Kxf4 51. Kc1 a3 52. Kd2 a2 53. Kc1 a1=Q+ 54. Kd2 c3+ 55. Ke2 Qa2+ 56. Kf1 c2 57. Ke2 c1=R# 0-1

[Event "Winnipeg TNT July op"]
[Site "Winnipeg CAN"]
[Date "2011.07.12"]
[Round "2"]
[White "De los Santos, Christopher"]
[Black "Baron, Cody"]
[Result "1-0"]
[WhiteElo "1600"]
[BlackElo "1302"]
[PlyCount "57"]
[GameId "2160767909704113"]
[EventDate "2011.07.05"]
[EventType "swiss"]
[EventRounds "4"]
[EventCountry "CAN"]
[SourceTitle "EXT 2022"]
[Source "ChessBase"]
[SourceDate "2021.10.06"]
[SourceVersion "1"]
[SourceVersionDate "2021.10.06"]
[SourceQuality "1"]

1. d4 Nf6 2. c4 d5 3. Nc3 dxc4 4. e4 e6 5. Bxc4 Bb4 6. Bg5 Bxc3+ 7. bxc3 e5 8. Qb3 O-O 9. dxe5 h6 10. exf6 hxg5 11. fxg7 Kxg7 12. Ne2 Nd7 13. O-O-O Qe7 14. f3 g4 15. Nd4 Nc5 16. Qc2 gxf3 17. gxf3 Qg5+ 18. Kb1 Kf6 19. f4 Qg4 20. Rhg1 Qh5 21. Rg5 Qh7 22. e5+ Ke7 23. Qxh7 a6 24. f5 Ne4 25. f6+ Nxf6 26. exf6+ Kxf6 27. Rf1+ Kxg5 28. Qg7+ Kh4 29. Nf3+ 1-0

[Event "Winnipeg TNT July op"]
[Site "Winnipeg CAN"]
[Date "2011.07.12"]
[Round "2"]
[White "Gregoryanz, Philipp"]
[Black "Wolchock, Theo"]
[Result "0-1"]
[WhiteElo "1459"]
[BlackElo "1676"]
[PlyCount "74"]
[GameId "2160767909704114"]
[EventDate "2011.07.05"]
[EventType "swiss"]
[EventRounds "4"]
[EventCountry "CAN"]
[SourceTitle "EXT 2022"]
[Source "ChessBase"]
[SourceDate "2021.10.06"]
[SourceVersion "1"]
[SourceVersionDate "2021.10.06"]
[SourceQuality "1"]

1. e4 c5 2. Nf3 Nc6 3. Nc3 d6 4. Bc4 Nf6 5. d3 g6 6. Be3 Bg7 7. Qd2 O-O 8. h3 Bd7 9. O-O a6 10. a4 Rc8 11. Rfe1 Qc7 12. Nd5 Nxd5 13. Bxd5 Bxb2 14. Rab1 Bg7 15. Bh6 e6 16. Ba2 Nd4 17. Nxd4 cxd4 18. Bb3 b5 19. axb5 Bxb5 20. h4 e5 21. h5 Qe7 22. hxg6 hxg6 23. Bg5 Bf6 24. Bh6 Bg7 25. Rbc1 Qh4 26. Bxg7 Kxg7 27. Kf1 Qh1+ 28. Ke2 Qxg2 29. Rg1 Qh3 30. Rh1 Qg4+ 31. Kf1 Rh8 32. Rg1 Qxe4 33. Qg5 f6 34. Qd2 Rh1 35. Rxh1 Qxh1+ 36. Ke2 Qh5+ 37. Kf1 Qf3 0-1

[Event "Winnipeg TNT July op"]
[Site "Winnipeg CAN"]
[Date "2011.07.12"]
[Round "2"]
[White "Joven, Perfecto"]
[Black "Babb, Jeff"]
[Result "1/2-1/2"]
[WhiteElo "2010"]
[BlackElo "2146"]
[PlyCount "51"]
[GameId "2160767909704115"]
[EventDate "2011.07.05"]
[EventType "swiss"]
[EventRounds "4"]
[EventCountry "CAN"]
[SourceTitle "EXT 2022"]
[Source "ChessBase"]
[SourceDate "2021.10.06"]
[SourceVersion "1"]
[SourceVersionDate "2021.10.06"]
[SourceQuality "1"]

1. Nf3 Nc6 2. d4 d5 3. c4 Bg4 4. e3 e6 5. a3 a6 6. Qa4 Bxf3 7. gxf3 dxc4 8. Qxc4 Qd5 9. Qe2 Nge7 10. Nc3 Qh5 11. Bd2 Nf5 12. f4 Qg6 13. b4 O-O-O 14. Rc1 a5 15. Nb5 axb4 16. axb4 Nd6 17. h4 Nxb5 18. Qxb5 Nxd4 19. Qa5 Nc2+ 20. Rxc2 Qxc2 21. Qa8+ Kd7 22. Qxb7 Qb1+ 23. Ke2 Bd6 24. Bg2 Qa2 25. Qb5+ Ke7 26. Qg5+ 1/2-1/2

[Event "Winnipeg TNT July op"]
[Site "Winnipeg CAN"]
[Date "2011.07.12"]
[Round "2"]
[White "Kernetsky, Myron"]
[Black "Mundwiler, Les"]
[Result "0-1"]
[WhiteElo "1987"]
[BlackElo "2052"]
[PlyCount "74"]
[GameId "2160767909704116"]
[EventDate "2011.07.05"]
[EventType "swiss"]
[EventRounds "4"]
[EventCountry "CAN"]
[SourceTitle "EXT 2022"]
[Source "ChessBase"]
[SourceDate "2021.10.06"]
[SourceVersion "1"]
[SourceVersionDate "2021.10.06"]
[SourceQuality "1"]

1. d4 Nf6 2. c4 d6 3. Nc3 Nbd7 4. e4 e5 5. Nf3 c6 6. Be2 Qc7 7. Rb1 a5 8. h3 h6 9. b3 Be7 10. Ba3 exd4 11. Nxd4 Nc5 12. Qc2 g6 13. Bc1 Ne6 14. Be3 Ng7 15. O-O Bd7 16. a3 Qc8 17. Kh2 h5 18. Rh1 h4 19. f4 Nfh5 20. Bxh5 Nxh5 21. Rhf1 Ng3 22. Rf2 f5 23. Re1 O-O 24. exf5 Nxf5 25. Nxf5 Bxf5 26. Qc1 Bf6 27. Rd2 Qc7 28. Bd4 Bxd4 29. Rxd4 Qb6 30. Rxd6 Qxb3 31. Ne4 Rfd8 32. Qd2 Rf8 33. Nf6+ Kg7 34. Nd7 Rfe8 35. Ne5 Qxa3 36. Re3 Qc5 37. Qc3 Qxd6 0-1